000 00480nam a2200181Ia 4500
008 090124s9999 xx 000 0 und d
082 _b111630
100 _aसुर्वे प.गं.
245 _a आवड - निवड
250 _a1
260 _c1966
300 _a163
600 _aसुर्वे प.गं.
630 _a आवड - निवड
700 _aसुर्वे प.गं.
730 _a आवड - निवड
942 _cBOOK
999 _c157721
_d157721